Energy systems. (Record no. 100033)

MARC details
000 -LEADER
fixed length control field 00892cam a2200229 4500
008 - FIXED-LENGTH DATA ELEMENTS--GENERAL INFORMATION
fixed length control field 000000n1999 000 0 eng u
020 ## - INTERNATIONAL STANDARD BOOK NUMBER
International Standard Book Number 0070140197
035 ## - SYSTEM CONTROL NUMBER
System control number (Sirsi) u101172
041 ## - LANGUAGE CODE
Language code of text/sound track or separate title eng
050 ## - LIBRARY OF CONGRESS CALL NUMBER
Classification number 697.4
100 ## - MAIN ENTRY--PERSONAL NAME
Personal name Carrow, R
245 ## - TITLE STATEMENT
Title Energy systems.
260 ## - PUBLICATION, DISTRIBUTION, ETC.
Place of publication, distribution, etc. London
Name of publisher, distributor, etc. McGraw Hill
Date of publication, distribution, etc. 1999
300 ## - PHYSICAL DESCRIPTION
Extent 310p. ; 23cm.
350 ## - PRICE (NR) (BK AM CF MU VM SE) [OBSOLETE]
Price 31.99
520 ## - SUMMARY, ETC.
Summary, etc. This book shows you how to construct the energy-saving homes that today's buyers want. Even if you're building, remodelling or selecting just one single house, this will prove a useful text. The book is designed for home builders, home buyers and renovators. There are chapters on Energy-Saving Systems, Measuring Energy Savings, and, Solar Energy.
650 ## - SUBJECT ADDED ENTRY--TOPICAL TERM
Topical term or geographic name entry element HOUSING
650 ## - SUBJECT ADDED ENTRY--TOPICAL TERM
Topical term or geographic name entry element Environment
9 (RLIN) 6238
650 ## - SUBJECT ADDED ENTRY--TOPICAL TERM
Topical term or geographic name entry element CONSERVATION
690 ## - LOCAL SUBJECT ADDED ENTRY--TOPICAL TERM (OCLC, RLIN)
Topical term or geographic name as entry element ENVIRONMENTAL AND LAND CONSULTANCY-ENERGY
942 ## - ADDED ENTRY ELEMENTS (KOHA)
Suppress in OPAC 0
Holdings
Withdrawn status Lost status Source of classification or shelving scheme Damaged status Not for loan Home library Current library Shelving location Date acquired Total Checkouts Full call number Barcode Date last seen Date last checked out Copy number Price effective from Koha item type
    Dewey Decimal Classification     London London Books 02/11/1999 3 697.4 CAR 30059989 06/08/2019 13/11/2006 1 06/08/2019 Book